1698 1241 1358 1345 1028 1524 1736 1593 1119 1052 1435 1947 1204 1695 1606 1285 1044 1205 1192 1673 1235 1593 1679 1339 1373 1616 1279 1557 1140 1416 1455 1050 1226 1902 1807 1639 1771 1012 1418 1246 1743 1599 1424 1507 1408 1311 1623 1362 1619 1268 1837 1467 1139 1056 1831 1348 1164 1597 1102 1153 1025 1374 1827 1497 1999 1871 1673 1443 1817 1369 1803 1221 1664 1556 1922 1277 1173 1595 1387 1446 1857 1222 1655 1341 1165 1119 1427 1935 1158 1857 1199 1026 1786 1373 1713 1559 1136 1099 1447 BCNSPRNW ULIB Ver.6.0+V

เปลี่ยนเป็นภาษาไทย

Change to English
 แสดงรายละเอียดบรรณานุกรม
  กลับหน้าหลัก

Brief Record : Get Marc (ISO 2709) : E-mail record : QR code < ปิดหน้าต่าง
LEADER : 00000nam 2200000uu 4500
001    13399124555
003     ULIB
008    020711s2558 th a 000 0 tha d
020    9789740333494
060    WA465^bว735ค
100    วีรวรรณ เล็กสกุลไชย
245    ความเป็นพิษของสารและผลิตภัณฑ์เคมี/^cวีรวรรณ เล็กสกุลไชย
250    พิมพ์ครั้งที่ 1
260    กรุงเทพฯ :^bสำนักพิมพ์แห่งจุฬาลงกรณ์มหาวิทยาลัย,^c2558
300    213 หน้า;^b26 ซม.
650    พิษวิทยา
650    สารพิษ
650    ชีวพิษ
945    ^p360^l0^i23119
945    ^p360^l0^i23120
945    ^p360^l0^i23118
999    ^aกัณชพร
รายการนี้ยังไม่มีแท็ก
คุณยังไม่ได้ล็อกอิน คุณสามารถมีกิจกรรมร่วมกับเว็บไซต์ได้ แต่ต้องล็อกอินก่อน ::
  ล็อกอิน

รายการสื่อสารสนเทศ

ลำดับที่ ประเภท เลขเรียก/บาร์โค้ด สถานที่ สถานะ
1. วิทยาศาสตร์การแพทย์ และสุขภาพ
หนังสือสำรอง
สถานะ=หนังสือสำรอง
WA465 ว735ค ฉ.1 
  Barcode: 23118
ห้องสมุดวิทยาเขตนครสวรรค์
►ส่วนจัดเก็บหนังสือเก่า นว.
บนชั้น
  ขอยืม
2. วิทยาศาสตร์การแพทย์ และสุขภาพ
วิทยาศาสตร์การแพทย์ และสุขภาพ
WA465 ว735ค ฉ.3 
  Barcode: 23120
ห้องสมุดวิทยาเขตนครสวรรค์
►ส่วนจัดเก็บหนังสือเก่า นว.
บนชั้น
  ขอยืม
3. วิทยาศาสตร์การแพทย์ และสุขภาพ
วิทยาศาสตร์การแพทย์ และสุขภาพ
WA465 ว735ค ฉ.3 
  Barcode: 23119
ห้องสมุดวิทยาเขตนครสวรรค์
►ส่วนจัดเก็บหนังสือเก่า นว.
บนชั้น
  ขอยืม

รายการใกล้เคียง
    ผู้แต่ง [วีรวรรณ เล็กสกุลไชย]

    หัวเรื่อง [พิษวิทยา]
    หัวเรื่อง [สารพิษ]
    หัวเรื่อง [ชีวพิษ]

BibComment


ยังไม่เคยถูกคอมเมนท์

คอมเมนท์ทรัพยากรรายการนี้
  คอมเมนท์: ความเป็นพิษของสาร..


 Copyright 2026. Bcnsprnw @Library